| 000 | 01244nam a2200301Ia 4500 | ||
|---|---|---|---|
| 001 | ebr10032042 | ||
| 003 | CaPaEBR | ||
| 006 | m u | ||
| 007 | cr cn||||||||| | ||
| 008 | 021125s2003 pau sb 001 0 eng d | ||
| 020 | _z158811354X (acid-free paper) | ||
| 040 |
_aCaPaEBR _cCaPaEBR |
||
| 035 | _a(OCoLC)52939233 | ||
| 050 | 1 | 4 |
_aP85.S3 _bD57 2003eb |
| 082 | 0 | 4 |
_a302.3/46 _221 |
| 245 | 0 | 0 |
_aDiscussing conversation analysis _h[electronic resource] : _bthe work of Emanuel A. Schegloff / _cedited by Carlo L. Prevignano, Paul J. Thibault. |
| 260 |
_aPhiladelphia : _bJ. Benjamins, _c2003. |
||
| 300 | _a192 p. | ||
| 504 | _aIncludes bibliographical references and index. | ||
| 533 |
_aElectronic reproduction. _bPalo Alto, Calif. : _cebrary, _d2009. _nAvailable via World Wide Web. _nAccess may be limited to ebrary affiliated libraries. |
||
| 600 | 1 | 0 |
_aSchegloff, Emanuel A. _xContributions in conversation analysis. |
| 650 | 0 | _aConversation analysis. | |
| 655 | 7 |
_aElectronic books. _2local |
|
| 700 | 1 | _aPrevignano, Carlo. | |
| 700 | 1 | _aThibault, Paul J. | |
| 710 | 2 | _aebrary, Inc. | |
| 856 | 4 | 0 |
_uhttp://site.ebrary.com/lib/rucke/Doc?id=10032042 _zAn electronic book accessible through the World Wide Web; click to view |
| 999 |
_c162930 _d162930 |
||